000 00697nam a2200205Ia 4500
003 GCL
008 140319s9999 xx 000 0 ara d
040 _aGCL /
_cGCL
082 0 4 _a306.4
_bح ل
100 1 _aحسين احمد امين
245 1 0 _aلغة العرب واثرها فى تكييف العقلية العربية ودراسات اخرى /
_cحسين احمد امين
250 _aالاولى
260 _aالقاهرة :
_bدار العين للنشر ،
_c2005
300 _a205 ص ؛
_c24 سم
650 0 4 _aالثقافة العربية
650 0 4 _aالمعرفة
650 0 4 _aالانثربولوجيا الثقافية
650 0 4 _aاللغة
942 _2ddc
_cBK
999 _c9776
_d9776